000 01264naa a22003017a 4500
001 BR8600471
003 BR-BrBNA
005 20240918175623.0
007 ta
008 230509b bl.||||| |||| 00| 0 por d
040 _aBR-BrBNA
_bpor
_cBiblioteca Nacional de Agricultura
041 _a(Pt)
072 _aL01; E14
_b9410
090 _aL01 BR8600471
100 1 _aRibeiro, J.O. de O.
111 1 _aCongresso Brasileiro de Gado Leiteiro
_cCampinas, SP (Brazil)
_d7-11 Oct 1985
245 1 _aEficiencia da exploracao leiteira e qualidade do produto como base de uma politica para o leite
246 1 _a[Efficiency of the milk related activities and product quality as a framework for a milk policy]
246 1 _a[Characterization and implementation of a milk policy]
260 3 _aPiracicaba, SP (Brasil):
_c1985.
500 _aCaracterizacao e implementacao de uma politica para o leite Piracicaba, SP (Brasil): 1985. p. 67-70 (BR8600471-AM)L01
650 _aPECUARIA LEITEIRA
650 _aPROJETO DE DESENVOLVIMENTO
650 _aPOLITICA AGRICOLA
773 0 _tCaracterizacao e implementacao de uma politica para o leite
_wL01 BR8600471
_gPiracicaba, SP (Brasil), 1985. p. 67-70
909 _a202404
_bLucia
_c55
_dLucia Elande
942 _cAM
_2AGRIS
999 _c317493
_d317493